| 000 | 00833nam a22002417a 4500 | ||
|---|---|---|---|
| 003 | OSt | ||
| 005 | 20250828105911.0 | ||
| 008 | 250828b |||||||| |||| 00| 0 eng d | ||
| 037 | _cDissertation | ||
| 040 |
_aFEDL _beng _cFEDL |
||
| 041 |
_aeng _heng |
||
| 082 | _a373.26 YAC/DI | ||
| 100 |
_aYachika _9819140 |
||
| 110 |
_aUniversity of Delhi. Department of Education _9818316 |
||
| 245 |
_aCritical study of the perception of gender in single-sex and co-educational schools/ _cby Yachika; Gyanender Kumar. Supervisor |
||
| 260 |
_bUniversity of Delhi _c2025 |
||
| 300 | _a81p. | ||
| 650 | _aSECONDARY EDUCATION | ||
| 650 |
_aSINGLE- SEX AND CO- EDUCATIONAL SCHOOLS _9819141 |
||
| 700 |
_aGyanender Kumar. Supervisor _9819142 |
||
| 942 |
_2ddc _cDIS _h373.26 YAC/DI _n0 |
||
| 999 |
_c1434927 _d1434927 |
||